000 00383nam a22001337a 4500
005 20251204121808.0
008 251202b |||||||| |||| 00| 0 eng d
050 _aPL 8700 .R 84 1984
_b1
245 _aBLACK MAMBA:COVENANT WITH DEATH
260 _aNAIROBI,
_bHEINEMANN KENYA,
_c1987,
300 _a120 P, ILL
650 _aUganda—Drama, African drama (English)
942 _2lcc
_cBK
999 _c216329
_d216329